Evaluate the Accuracy of Google Translate Website Translation from English to Sindhi and Sindhi to English Language (Record no. 67429)

MARC details
000 -LEADER
fixed length control field 00474nam a22001337a 4500
100 ## - MAIN ENTRY--AUTHOR NAME
Personal name Asif Ali Somomro
-- 17-16MSIT09
245 ## - TITLE STATEMENT
Title Evaluate the Accuracy of Google Translate Website Translation from English to Sindhi and Sindhi to English Language
260 ## - PUBLICATION, DISTRIBUTION, ETC. (IMPRINT)
Place of publication Nawabshah
Name of publisher Quest
Year of publication 2021
300 ## - PHYSICAL DESCRIPTION
Number of Pages 41p.
650 ## - SUBJECT ADDED ENTRY--TOPICAL TERM
Topical Term Master of Science in Information Technology
700 ## - ADDED ENTRY--PERSONAL NAME
Personal name Department of Information Technology
856 ## - ELECTRONIC LOCATION AND ACCESS
Uniform Resource Identifier https://tinyurl.com/2vchff8u
942 ## - ADDED ENTRY ELEMENTS (KOHA)
Koha item type Thesis and Dissertation
Holdings
Withdrawn status Lost status Home library Current library Date acquired Accession Number Koha item type
    Research Section Research Section 13/01/2022 MP/70-912 Thesis and Dissertation
    Research Section Research Section 13/01/2022 MP/70-913 Thesis and Dissertation
    Research Section Research Section 13/01/2022 MP/70-914 Thesis and Dissertation